| 000 | 00000nam##2200000za#4500 |
| 001 | 9.544857 |
| 003 | CaOODSP |
| 005 | 20210615091010 |
| 007 | ta |
| 008 | 150406|2007||||xxc||||| f|0| 0 fre|d |
| 022 | |a0706-6457 |
| 040 | |aCaOODSP|bfre |
| 041 | |aeng |
| 041 | |afre |
| 043 | |an-cn--- |
| 086 | 1 |aFs97-6/2721 |
| 110 | 1 |aCanada. |bMinistère des pêches et des océans. |
| 245 | 10|aAtelier national des Sciences 2006, Pêches et Océans Canada, Institut Maurice-Lamontagne, Mont-Joli (Québec) / |cÉditeurs: P. Ouellet ... [et al.] |
| 260 | |aMont-Joli - Québec : |bPêches et Océans Canada |c2007. |
| 300 | |aTexte français, v, 65p. ; |c28 cm. |
| 490 | 1 |aRapport technique canadien des sciences halieutiques et aquatiques|x0706-6457|v2721 |
| 500 | |a«Maurice Lamontagne Institute, 850 route de la mer, Mont-Joli (Québec), Canada G5H 3Z4». |
| 520 | 3 |aCe rapport fait partie d’une série de rapports contenant des renseignements scientifiques et techniques qui constituent une contribution aux connaissances scientifiques actuelles, mais qui ne sont pas normalement appropriés pour la publication dans un journal scientifique. La recherche porte sur des sujets tels que les modèles d’écosystème, les méthodes de mise en valeur de l’aquaculture, le matériel de pêche commerciale, et les menaces environnementales à la qualité des milieux aquatiques et des ressources halieutiques. Comprend des tableaux, des figures et des graphiques. |
| 563 | |aReliure à spirale |
| 590 | |a07-29|b2007-07-20 |
| 691 | 07|aCongrès|2gcpds |
| 691 | 07|aSciences naturelles|2gcpds |
| 776 | 0#|tNational Science Workshop 2006, Fisheries and Oceans Canada, Maurice Lamontagne Institute, Mont-Joli (Quebec) / |w(CaOODSP)9.575152 |
| 791 | |tNational Science Workshop 2006, Fisheries and Oceans Canada, Maurice Lamontagne Institute, Mont-Joli (Quebec) / |eeng|w(CaOODSP)9.544856 |
| 830 | #0|aRapport technique canadien des sciences halieutiques et aquatiques,|x0706-6457|v2721|w(CaOODSP)9.514690 |